00668 2200229 4500001002100000005001700021008004100038020002200079035002500101040001200126082001600138084001600154090001600170245009400186260003100280300002800311650003000339700001800369700001900387850001200406990002000418INLIS00000000000332520150407085337.0  a978-602-252-274-4 a0010-041500000000391 aYOPDYOG aQ 372.6 Ber aQ 372.6 Ber aQ 372.6 Ber aBERLATIH Huruf besar /cPenerjemah Ayu Prameswary ; editor, Ayu Prameswary, Tessa Febiani aJakarta :bErlangga,c2013 a78 hlm.:bilus.;c28 cm aBahasa - Pendidikan dasar aTessa Febiani aAyu Prameswary aYOPDYOG a10801 - PD/B.15